| 000 | 00455nam a2200169Ia 4500 | ||
|---|---|---|---|
| 003 | OSt | ||
| 005 | 20260105100103.0 | ||
| 008 | 210210b1907 xxu||||| |||| 00| 0 eng d | ||
| 040 | _cAL | ||
| 041 | _aKannada | ||
| 082 | _a859/1744 | ||
| 100 |
_aVENKATARAV GULVADI _9156442 _dವೆಂಕಟರಾವ್ ಗುಲ್ವಾಡಿ |
||
| 245 |
_aSimantini: _bಸೀಮಂತಿನಿ |
||
| 260 |
_aMangaluru _b- _c1907 |
||
| 906 | _a022465 | ||
| 942 |
_2ddc _cBK |
||
| 999 |
_c146868 _d146868 |
||